LEADER 01636cam0-2200553---450- 001 990000062470203316 005 20000503 010 $a0-201-40996-8 035 $a0006247 035 $aUSA010006247 035 $a(ALEPH)000006247USA01 035 $a0006247 100 $a20000503d1998----|||y0itay0103----ba 101 0 $aEng 102 $aSU 105 $a||||||||001yy 200 1 $aISA system architecture$fTom Shanley and Don Anderson$gedited and revised by John Swindle 205 $a3. ed. 210 $aReading [etc.]$cAddison-Wesley$d1998 215 $aXXV, 517 p.$cill.$d23 cm. 225 2 $aPC system architecture series 410 0$a12001$aPC system architecture series 610 $aElaboratori elettronici$aStruttura 676 $a004.22 700 1$aSHANLEY,$bTom$027955 701 1$aANDERSON,$bDon$027954 801 $aIT$bSALBC$gISBD 912 $a990000062470203316 951 $a004.22 SHA$b14044 Ing$c004.22$d00000697 959 $aBK 969 $aTec 979 $c20000914$lUSA01$h1728 979 $c20000919$lUSA01$h1047 979 $c20000919$lUSA01$h1520 979 $c20001019$lUSA01$h1055 979 $c20001019$lUSA01$h1453 979 $c20001019$lUSA01$h1500 979 $c20001019$lUSA01$h1538 979 $c20001024$lUSA01$h1513 979 $c20001027$lUSA01$h1518 979 $c20001027$lUSA01$h1522 979 $c20001110$lUSA01$h1709 979 $c20001124$lUSA01$h1207 979 $c20020403$lUSA01$h1613 979 $aPATRY$b90$c20040406$lUSA01$h1605 996 $aISA system architecture$91490161 997 $aUNISA DB $aUSA01 SYS ID$a6247 LEADER 04533nam 22007335 450 001 9910624317703321 005 20251229075007.0 010 $a981-19-4472-5 024 7 $a10.1007/978-981-19-4472-7 035 $a(MiAaPQ)EBC7132913 035 $a(Au-PeEL)EBL7132913 035 $a(CKB)25289756900041 035 $a(BIP)86312740 035 $a(BIP)84446040 035 $a(DE-He213)978-981-19-4472-7 035 $a(EXLCZ)9925289756900041 100 $a20221105d2022 u| 0 101 0 $aeng 135 $aurcnu|||||||| 181 $ctxt$2rdacontent 182 $cc$2rdamedia 183 $acr$2rdacarrier 200 10$a[ ] With Design: Reinventing Design Modes $eProceedings of the 9th Congress of the International Association of Societies of Design Research (IASDR 2021) /$fedited by Gerhard Bruyns, Huaxin Wei 205 $a1st ed. 2022. 210 1$aSingapore :$cSpringer Nature Singapore :$cImprint: Springer,$d2022. 215 $a1 online resource (3579 pages) 311 08$aPrint version: Bruyns, Gerhard [ ] with Design: Reinventing Design Modes Singapore : Springer,c2022 9789811944710 320 $aIncludes bibliographical references and index. 327 $a1. Preface, Committee Members -- 2. Social Design Modes -- 3. Making Design Modes -- 4. Business Design Modes -- 5. Critical Design Modes -- 6. Historical/Projective Design Modes -- 7. Impact Design Modes -- 8. Alternative Design Modes -- 9. Selected Graduate Consortium abstracts, workshop proposals -- 10. Reviewers, Authors index. 330 $aThis collection stems from the International Association of Societies of Design Research (IASDR) congress in 2021, promoting the research of design in its many fields of application. Today's design finds itself at a critical moment where the conventional ?modes? of doing, thinking and application are increasingly challenged by the troubled ideology of globalisation, climate change, migration patterns and the rapid restructuring of locally driven manufacturing sectors. The volume presents a selection of papers on state-of-the-art design research work. As rapid technological development has been pushing and breaking new ground in society, the broad field of design is facing many unprecedented changes. In combination with the environmental, cultural, technological, and, crucially, pandemic transitions, design at large is called to fundamentally alter its modes of practice. Beyond the conventional models of conducting research, or developing solutions to ?wicked? problems, the recoupling of design with different modes should be seen as an expression to embrace other capacities of thinking, criticisms and productions. This selection of proceedings papers delivers the latest insights into design from a multitude of perspectives, as reflected in the eight thematic modes of the congress ; i.e., [social] , [making] , [business] , [critical], [historical/projective], [impact], [pandemic], and [alternative] with design modes. The book benefits design researchers from both academia and industry who are interested in the latest design research results, as well as in innovative design research methods. In presenting an interesting corpus of design case studies as well as studies of design impact, this comprehensive collection is of relevance to design theorists and students, as well as scholars in related fields seeking to understand how design plays a critical role in their respective domains. . 606 $aDesign 606 $aHuman-machine systems 606 $aTechnical education 606 $aGraphic arts 606 $aIndustrial design 606 $aArchitecture 606 $aDesign 606 $aInteraction Design 606 $aTechnology and Design education 606 $aGraphic Design 606 $aIndustrial Design 606 $aArchitecture 615 0$aDesign. 615 0$aHuman-machine systems. 615 0$aTechnical education. 615 0$aGraphic arts. 615 0$aIndustrial design. 615 0$aArchitecture. 615 14$aDesign. 615 24$aInteraction Design. 615 24$aTechnology and Design education. 615 24$aGraphic Design. 615 24$aIndustrial Design. 615 24$aArchitecture. 676 $a745.4 702 $aBruyns$b Gerhard 702 $aWei$b Huaxin 801 0$bMiAaPQ 801 1$bMiAaPQ 801 2$bMiAaPQ 906 $aBOOK 912 $a9910624317703321 996 $aWith design, reinventing design modes$93070717 997 $aUNINA